[Event "Final Argentina Superior 2006"]
[Site "?"]
[Date "2006.05.06"]
[Round "11.2"]
[White "Mahia, Gustavo"]
[Black "Perelman, Hernan"]
[Result "0-1"]
[WhiteElo "2427"]
[BlackElo "2211"]
[Annotator "de Dovitiis Alejo"]
[PlyCount "80"]
[EventDate "2006.??.??"]

1. Nf3 c5 2. g3 Nc6 3. Bg2 e5 4. O-O g6 5. c4 {
Mahia opta por una apertura Inglesa.} 5... Bg7 6. Nc3 Nge7 7. d3 O-O 8. Ne1 d6
9. Nc2 Be6 10. Ne3 {Las blancas quieren dominar la casilla d5.} 10... Qd7 11.
Rb1 Bh3 12. a3 Bxg2 13. Kxg2 f5 14. b4 Nd4 (14... b6 15. Qa4 Qb7 16. Kg1 Nd4
17. Qd1 f4 18. Nc2 h5 $36 {Chan,N-Taleb,M/Kuala Lumpur 2005.}) 15. Ned5 Nxd5
16. Nxd5 Rae8 $146 {
La torre viene al centro donde aparentemente se va a desarrollar el combate.} (
{RR} 16... Rab8 17. bxc5 dxc5 18. a4 Ne6 19. f3 Nc7 20. e4 Nxd5 21. cxd5 b6 22.
Qc2 fxe4 23. dxe4 Rfc8 24. Qc4 h5 25. Be3 Kh7 26. Bd2 h4 27. Rb3 h3+ 28. Kf2
Rf8 29. Ke2 Bh6 30. Bc3 Bg7 31. Rfb1 Rxf3 32. Kxf3 Rf8+ 33. Ke2 Qg4+ 34. Ke1
Rf3 35. Bd2 Bh6 36. Bxh6 {
1-0 Gorbatow,A-Srokowski,J/Kecskemet 1992/EXT 2004 (36)}) 17. bxc5 dxc5 18. e3
Nc6 19. e4 Nd4 20. f3 Rf7 21. Be3 Ne6 22. Rb5 b6 23. a4 f4 $1 {interesante
intento mientras las blancss van por busca de logros en el sector dama.} 24.
Bd2 fxg3 25. hxg3 Ref8 26. Be3 h5 27. a5 {Las blancas han llegado primero y a
las negras solo les queda hacer algo de dano con h4.} 27... bxa5 28. Rxa5 Kh7
29. f4 exf4 30. gxf4 Bh6 31. f5 {
El ataque blanco luce importante pero ambos reyes estan desguarnecidos.} 31...
Bxe3 32. Nxe3 Qd8 $1 {
Un contragolpe excelente que amenaza irrumpir por g5 y por a5.} 33. Qf3 (33.
Ra2 Qg5+) 33... Qxa5 34. Qg3 Rf6 35. Nd5 Ng7 36. Qg5 Qd8 $1 {Todo ha concluido
ya que el negro vuelve a casa con su dama con una torre de ventaja.} 37. Nxf6+
Rxf6 38. e5 (38. fxg6+ Rxg6 $19) 38... Qa8+ 39. Kg1 Rxf5 40. Rxf5 Nxf5 {
Una buena victoria para Perelman en medio de un tremendo apuro de tiempo.} 0-1

[Event "Final Argentina Superior 2006"]
[Site "?"]
[Date "2006.05.06"]
[Round "11.3"]
[White "Amura, Claudia"]
[Black "Ricardi, Pablo"]
[Result "1/2-1/2"]
[WhiteElo "2368"]
[BlackElo "2515"]
[Annotator "de Dovitiis Alejo"]
[PlyCount "24"]
[EventDate "2006.??.??"]

1. d4 Nf6 2. Bg5 {Claudia vuelve a optar por la apertura Trompowsky, con la
que le fue bien con Felgaer.} 2... e6 3. e4 h6 4. Bxf6 Qxf6 5. Nc3 a6 (5... Bb4
) (5... g6 {son jugables.}) 6. Qd2 c5 7. e5 $146 (7. d5 b5 8. Nf3 g6 9. e5 $36
{Zlochevskij,A-Popa,F/Verona 1995.}) 7... Qd8 8. d5 d6 9. dxe6 Bxe6 10. O-O-O
Nd7 11. exd6 Qa5 12. g3 O-O-O {
Las blancas estan un poco mejor pero el peon a la larga se recupera.} 1/2-1/2

[Event "Final Argentina Superior 2006"]
[Site "?"]
[Date "2006.05.06"]
[Round "11.4"]
[White "Felgaer, Ruben"]
[Black "Campora, Daniel"]
[Result "1-0"]
[WhiteElo "2580"]
[BlackElo "2552"]
[Annotator "de Dovitiis Alejo"]
[PlyCount "71"]
[EventDate "2006.??.??"]

1. e4 e5 2. Nf3 Nc6 3. Bb5 Nf6 {Campora amaga la variante Berlinesa.} 4. O-O d6
{Pero vuelve a su primer y gran amor: la variante Steinitz, con la que ha
obtenido resonantes triunfos, como frente a Shirov.} 5. d4 Bd7 6. Nc3 Be7 7.
Bxc6 {Las blancas pretenden que el negro tome en el centro.} 7... Bxc6 8. Qd3
exd4 9. Nxd4 Bd7 10. b3 O-O 11. Bb2 Re8 (11... c5 12. Nde2 Bc6 13. Rad1 Re8 14.
Nf4 Bf8 15. Rfe1 b5 16. Ncd5 Nxd5 17. Nxd5 Bxd5 18. Qxd5 Qc8 19. f3 a5 20. a4
Qa6 21. Ra1 b4 22. c4 bxc3 23. Bxc3 c4 24. Qxc4 Qxc4 25. bxc4 Rec8 26. Rec1 {
Anand,V-Vescovi,G/Sao Paulo 2004}) 12. f4 Bf8 13. Rae1 {
Felgaer centraliza las piezas para poder abrir el centro y atacar.} 13... c6
$146 (13... c5 14. Nf3 (14. Nde2 Bc6 15. Ng3 Rb8 16. Nd1 b5 17. h3 Rb7 18. Re2
Rd7 19. c4 $14 {Rellstab,L-Kieninger,G/Krakow 1940.}) 14... Bc6 15. Nd5 Bxd5
16. exd5 h6 17. c4 $14 {Hamdouchi,H-Campora,D/Dos Hermanas 1998.}) (13... Qe7
14. h3 c5 15. Nf3 Bc6 16. Nd5 Bxd5 17. exd5 Qd7 18. Bxf6 gxf6 19. Nh4 $16 {
Pillsbury,H-Von Bardeleben,C/Munich 1900.}) 14. Kh1 Qa5 15. Qg3 c5 {
La manera de busca juego en el ala dama.} 16. Nf3 Bc6 17. e5 Nh5 18. Qg4 g6 19.
f5 {El blanco se manda al ataque.} 19... dxe5 20. fxg6 hxg6 21. Nxe5 Qc7 22.
Qc4 $1 {Un refuerzo importante al ataque blanco.} (22. Nxf7 Rxe1 23. Rxe1 Qxf7
$19) 22... b5 (22... Re7) 23. Nxb5 Bxb5 24. Qxb5 Bg7 25. Nd3 Rxe1 26. Rxe1 c4 {
Se parece mucho a la resignacion, veremos.} 27. Re8+ Rxe8 28. Qxe8+ Kh7 29.
Bxg7 Nxg7 30. Qe5 Qb6 31. Nc5 cxb3 32. axb3 Qc6 33. Ne4 $1 {
El negro esta casi en red de mate.} 33... Qa6 34. Nf6+ Kh6 (34... Kh8 35. Qb8+)
35. Qe3+ g5 36. Qh3+ {Contundente victoria de Felgaer. Si} (36. Qh3+ Kg6 37.
Qh7+ Kxf6 38. Qh6+ {y cae la dama.}) 1-0

[Event "Final Argentina Superior 2006"]
[Site "?"]
[Date "2006.05.06"]
[Round "11.5"]
[White "Valerga, Diego"]
[Black "Flores, Diego"]
[Result "0-1"]
[WhiteElo "2470"]
[BlackElo "2494"]
[Annotator "de Dovitiis Alejo"]
[PlyCount "74"]
[EventDate "2006.??.??"]

1. e4 {. Vuckovic,Bo} 1... c5 2. Nf3 e6 3. d4 cxd4 4. Nxd4 a6 {
La variante Paulsen de la Siciliana.} 5. Bd3 g6 {Un esquema que hasta el gran
maestro Panno ha usado, la debilidad de la casilla d6 no es aprovechable por
el blanco debido a que el alfil se halla en d3.} 6. b3 $5 {Una idea de
Ivanchuk, usada luego por Shirov, fruto de la preparacion del conductor de las
blancas.} 6... Bg7 7. Bb2 Nf6 (7... Qb6 8. c3 Nc6 9. Nxc6 bxc6 10. Qc2 $14) 8.
O-O O-O 9. Nd2 d6 ({El antecedente principal} 9... Nh5 10. Re1 b6 11. Nc4 Bb7
12. Nd6 Qc7 13. e5 Nf4 14. Be4 Bxe4 15. Rxe4 Nd5 16. c4 $16 {
Ivanchuk,V-Shirov,A/Monte Carlo 1996.}) 10. a4 Qc7 $146 (10... Nbd7 11. Re1 Nc5
12. Bf1 e5 13. N4f3 Bd7 14. Ba3 $14 {
1/2-1/2 Vuckovic,B-Kengis,E/Tanta 2002/CBM 088 ext (27)}) (10... e5 11. N4f3
Nc6 12. Nc4 Be6 13. Re1 Nxe4 14. Bxe4 d5 15. Bxg6 dxc4 16. Be4 Qxd1 17. Raxd1
cxb3 18. Ng5 bxc2 19. Bxh7+ Kh8 20. Bxc2 $14 {Shirov,A-Kengis,E/Liepaja 2001.})
11. Re1 b6 $6 {En ocasiones como esta no conviene realizar este movimiento por
la futura ruptura en a5.} (11... Nc6) (11... Bd7) 12. Nc4 Nbd7 13. Qd2 Bb7 14.
Qb4 {Valerga se embarca en complicaciones pero recordemos que debe ganar para
clasificar a Turin y obtener su titulo de gran maestro.} 14... d5 15. exd5 Bxd5
(15... Nxd5 16. Qd6) 16. Qd6 Qb7 17. Ne3 Nc5 18. Nxd5 Nxd5 19. Bc4 Nb4 $1 {
Las negras estan comenzando a activar sus piezas.} 20. Rad1 (20. Rab1 Rfd8)
20... Rad8 21. Qg3 Nxc2 22. Nxc2 Bxb2 23. h4 b5 24. axb5 axb5 25. Bf1 b4 $17 {
Con precision las negras han ganado un peon.} 26. Bc4 Bc3 27. Rf1 Ne4 28. Qf3
Qa8 {La amenaza Nd2 es fortisima.} 29. Rxd8 Rxd8 30. Bd3 Nd2 31. Qxa8 Rxa8 32.
Rd1 Nxb3 33. Be4 Rb8 34. Ne3 Nd2 35. Bd3 b3 36. Nf1 Rd8 37. Be2 b2 {Las perdida
s materiales son inevitables. Una buena victoria de Flores y una pena por
Valerga que no pudo conseguir su norma de gran maestro pero si ha logrado su
paso al equipo olimpico.} 0-1